[Event "World Rapid 2022"]
[Site "Almaty KAZ"]
[Date "2022.12.26"]
[Round "5.70"]
[White "Mamatov, Melis"]
[Black "Kadric, Denis"]
[Result "1/2-1/2"]
[WhiteTitle "FM"]
[BlackTitle "GM"]
[WhiteElo "2399"]
[BlackElo "2584"]
[WhiteFideId "13800027"]
[BlackFideId "14403803"]
[EventDate "2022.12.26"]

1. e4 d6 2. d4 Nf6 3. Nc3 e5 4. dxe5 dxe5 5. Qxd8+ Kxd8 6. Bc4 Ke8 7. Nf3 Bd6 8.
h3 c6 9. Be3 h6 10. O-O-O Bc7 11. Rhe1 Nbd7 12. a3 Ke7 13. Nh4 g6 14. Nf3 b5 15.
Ba2 Ne8 16. Nd2 Ng7 17. Kb1 Bb6 18. Bxb6 axb6 19. Nf1 Nf6 20. Ne3 Ne6 21. f3 h5
22. Ne2 Ba6 23. Bxe6 Kxe6 24. Nc1 Rad8 25. Nd3 Bb7 26. Nc1 h4 27. Rxd8 Rxd8 28.
Rd1 Rxd1 29. Nxd1 Nh5 30. Ne3 c5 31. Ne2 f5 32. exf5+ gxf5 33. Kc1 Ba6 34. b4
Bb7 35. Kd2 Bc6 36. Nd1 Kf6 37. Nf2 c4 38. Ke3 Kg5 39. Nd1 f4+ 40. Kf2 Kf5 41.
Ndc3 Nf6 42. Ke1 Nh7 43. Kf1 Ng5 44. Kf2 Ne6 45. Ke1 Nd4 46. Nxd4+ exd4 47. Nd1
Ke5 48. Nf2 Bd7 49. Kd2 Bf5 50. Kd1 Kd5 51. Kc1 Kd6 52. Kd1 Ke5 53. Kc1 Kd5 54.
Kd1 c3 55. Nd3 Bxd3 56. cxd3 Ke5 1/2-1/2

[Event "World Rapid 2022"]
[Site "Almaty KAZ"]
[Date "2022.12.26"]
[Round "5.72"]
[White "Damjanovic, Vuk"]
[Black "Dragnev, Valentin"]
[Result "0-1"]
[WhiteTitle "FM"]
[BlackTitle "GM"]
[WhiteElo "2361"]
[BlackElo "2556"]
[WhiteFideId "980021"]
[BlackFideId "1634852"]
[EventDate "2022.12.26"]

1. d4 Nf6 2. Nf3 e6 3. c4 b6 4. a3 Bb7 5. Nc3 Ne4 6. Nxe4 Bxe4 7. e3 Be7 8. Bd3
Bxd3 9. Qxd3 d6 10. Qe4 Nd7 11. Qc6 O-O 12. O-O a5 13. b3 Ra7 14. Bb2 Qa8 15.
Qxa8 Rfxa8 16. a4 f5 17. Ne1 Kf7 18. Nd3 g5 19. f3 Rg8 20. Rae1 Raa8 21. h3 Bf6
22. e4 Rae8 23. exf5 exf5 24. Kf2 Nb8 25. d5 Bxb2 26. Nxb2 Nd7 27. Nd3 Nc5 28.
Nc1 Kf6 29. g3 h5 30. Rxe8 Rxe8 31. Rd1 f4 32. gxf4 gxf4 33. Re1 Re5 34. Re2 Kf5
35. Re1 Kf6 36. Re2 Kg5 37. Rxe5+ dxe5 38. Kg2 Kf5 39. Kf2 e4 40. Ke2 e3 41. h4
Ke5 42. Kd1 Kf5 43. Kc2 Nd7 44. Nd3 Ne5 45. Ne1 Ng6 46. Ng2 Ke5 47. Kd3 Ne7 48.
Kc3 Nf5 49. Kd3 Nd4 50. b4 axb4 51. c5 bxc5 52. a5 b3 53. Kc3 Kxd5 54. Nxf4+ Kc6
55. a6 e2 56. Nd3 Nxf3 57. Kxb3 e1=Q 58. Nxe1 Nxe1 59. Kc4 Nf3 60. a7 Ne5+ 61.
Kc3 Kb7 62. a8=Q+ Kxa8 0-1

[Event "World Rapid 2022"]
[Site "Almaty KAZ"]
[Date "2022.12.26"]
[Round "5.73"]
[White "Munkhdalai, Amilal"]
[Black "Hovhannisyan, Robert"]
[Result "1-0"]
[WhiteTitle "FM"]
[BlackTitle "GM"]
[WhiteElo "2142"]
[BlackElo "2597"]
[WhiteFideId "4903250"]
[BlackFideId "13302507"]
[EventDate "2022.12.26"]

1. e4 c6 2. Nf3 d5 3. Nc3 dxe4 4. Nxe4 Nf6 5. Ng3 g6 6. h3 Bg7 7. d4 O-O 8. Bc4
c5 9. O-O cxd4 10. Qxd4 Qxd4 11. Nxd4 Rd8 12. c3 Bd7 13. Re1 e6 14. Be3 Nc6 15.
Rad1 Nxd4 16. Bxd4 Bc6 17. Ne2 Rd7 18. Bb3 a5 19. Nf4 a4 20. Bc2 Nd5 21. Bxg7
Kxg7 22. Nd3 a3 23. c4 Ne7 24. b3 Rad8 25. f3 Nf5 26. Kf2 h5 27. Ne5 Rd2+ 28.
Rxd2 Rxd2+ 29. Re2 Rd8 30. Bxf5 gxf5 31. Ke1 Kf6 32. Nxc6 bxc6 33. Rd2 Rc8 34.
Rd7 Ra8 35. Rc7 Ra6 36. f4 h4 37. Kf2 Kg6 38. Rc8 f6 39. Rg8+ Kf7 40. Rh8 Kg7
41. Rc8 e5 42. Ke3 Kf7 43. Rh8 Kg7 44. Rc8 Kf7 45. Rh8 Kg7 46. Re8 Kf7 47. Rh8
Kg7 48. Re8 e4 49. Rc8 Kf7 50. Rh8 c5 51. Rxh4 Rd6 52. Rh7+ Kg6 53. Ra7 Rd3+ 54.
Ke2 Rc3 55. Rxa3 Rc2+ 56. Kf1 Rc1+ 57. Kf2 Rc2+ 58. Kf1 Kh5 59. g3 Rc1+ 60. Kf2
Rc2+ 61. Kf1 Rc1+ 62. Kf2 Rc2+ 63. Kf1 Rh2 64. Ra8 Kg6 65. Ra5 Rxh3 66. Kg2 Rh8
67. Rxc5 Ra8 68. a4 Rb8 69. Rb5 Rd8 70. Rd5 Rb8 71. Rb5 Rd8 72. a5 Rd2+ 73. Kh3
Kf7 74. Rb7+ Ke6 75. Rb6+ Ke7 76. g4 Rd3+ 77. Kh4 fxg4 78. Kxg4 Rd1 79. Kf5 Ra1
80. Re6+ Kd7 81. Rxe4 Rxa5+ 82. Kxf6 Ra6+ 83. Kg5 Ra1 84. Re3 Kd6 85. f5 Kc5 86.
f6 Kd4 87. Rf3 Ke4 88. f7 Kxf3 89. f8=Q+ Ke2 90. Qd6 1-0

[Event "World Rapid 2022"]
[Site "Almaty KAZ"]
[Date "2022.12.26"]
[Round "5.74"]
[White "Makarian, Rudik"]
[Black "Gurel, Ediz"]
[Result "1-0"]
[WhiteTitle "IM"]
[BlackTitle "IM"]
[WhiteElo "2554"]
[BlackElo "2454"]
[WhiteFideId "44105681"]
[BlackFideId "44507356"]
[EventDate "2022.12.26"]

1. d3 d5 2. f4 Nf6 3. Nf3 Bf5 4. g3 e6 5. Bg2 Be7 6. O-O h6 7. e3 c5 8. Ne5 Nbd7
9. Nxd7 Qxd7 10. Qe2 O-O 11. Kh1 Rfd8 12. e4 dxe4 13. dxe4 Bh7 14. Nc3 Bf8 15.
a4 Qd4 16. Ra3 c4 17. Be3 Qd7 18. Raa1 Bb4 19. Rfd1 Qe7 20. Rxd8+ Rxd8 21. Bxa7
Qc7 22. Nb5 Qc6 23. c3 Bf8 24. e5 Nd5 25. Bd4 Ra8 26. h3 Ra5 27. b4 Ra8 28. Na7
Qa6 29. Bxd5 exd5 30. Qe3 Qg6 31. Rc1 h5 32. a5 Qe6 33. Kh2 Bf5 34. h4 Be4 35.
Ra1 Be7 36. b5 Qg4 37. Qf2 Bf5 38. a6 bxa6 39. Nc6 Bxh4 40. gxh4 Qh3+ 41. Kg1
Be4 42. Qh2 Qg4+ 43. Kf2 Qf3+ 44. Ke1 Kh7 45. b6 Bd3 46. Kd2 Bf5 47. Qe2 Qxf4+
48. Be3 Qxh4 49. b7 Re8 50. Rxa6 Qh1 51. Ra8 Bg4 52. Qe1 Qg2+ 53. Bf2 d4 54.
Rxe8 Qf3 55. Bxd4 Qd3+ 56. Kc1 Bf5 57. Rh8+ Kxh8 58. b8=Q+ 1-0

[Event "World Rapid 2022"]
[Site "Almaty KAZ"]
[Date "2022.12.26"]
[Round "5.76"]
[White "Khusnutdinov, Rustam"]
[Black "Mamedov, Edgar"]
[Result "1/2-1/2"]
[WhiteTitle "GM"]
[BlackTitle "FM"]
[WhiteElo "2441"]
[BlackElo "2283"]
[WhiteFideId "13701703"]
[BlackFideId "13739980"]
[EventDate "2022.12.26"]

1. e4 c6 2. Nf3 d5 3. Nc3 Bg4 4. h3 Bxf3 5. Qxf3 e6 6. Be2 Nd7 7. O-O Ngf6 8. d4
dxe4 9. Nxe4 Be7 10. Ng3 O-O 11. Rd1 Qa5 12. Qb3 Qb6 13. Be3 Nd5 14. Bc1 c5 15.
Bf3 Nb4 16. c3 Nc6 17. dxc5 Nxc5 18. Qc2 Ne5 19. Be2 Rfd8 20. Be3 Qc7 21. Rd4
Ncd7 22. Ne4 Nf6 23. Rad1 Rxd4 24. Bxd4 Rd8 25. Nxf6+ Bxf6 26. Qe4 b6 27. Qf4
Qb8 28. Qe4 Ng6 29. Be3 Rxd1+ 30. Bxd1 Qd8 31. Bc2 h6 32. a4 Bg5 33. Bd4 Bf6 34.
Bxf6 gxf6 35. Qe3 Kg7 36. g3 f5 37. b4 Qc7 38. Qd4+ Qe5 39. Qd2 Ne7 40. Bd1 Nd5
41. c4 Qc3 42. Qxc3+ Nxc3 43. Bb3 Kf6 44. f4 Ke7 45. Kg2 Kd6 46. Kf3 f6 47. Ke3
Kc6 48. g4 a5 49. bxa5 bxa5 50. gxf5 exf5 51. Kd4 Ne2+ 52. Ke3 Nc3 53. Kd4 1/2-1/2

[Event "World Rapid 2022"]
[Site "Almaty KAZ"]
[Date "2022.12.26"]
[Round "5.82"]
[White "Nissinen, Niilo Man"]
[Black "Hambleton, Aman"]
[Result "0-1"]
[WhiteTitle "CM"]
[BlackTitle "GM"]
[WhiteElo "1996"]
[BlackElo "2437"]
[WhiteFideId "30950767"]
[BlackFideId "2606577"]
[EventDate "2022.12.26"]

1. e4 c5 2. Nf3 e6 3. d4 cxd4 4. Nxd4 a6 5. Nc3 Qc7 6. g3 Nc6 7. Bg2 Nf6 8. O-O
Nxd4 9. Qxd4 Bc5 10. Qd3 Ng4 11. Qe2 h5 12. Kh1 b5 13. f3 Ne5 14. f4 Ng4 15. Nd5
Qb8 16. Ne3 Nxe3 17. Bxe3 Bxe3 18. Qxe3 Bb7 19. Qd4 O-O 20. Rad1 Rd8 21. f5 Qc7
22. Rd2 d5 23. e5 exf5 24. Rxf5 g6 25. Rf6 Re8 26. Rdf2 Qxe5 27. Qxe5 Rxe5 28.
Rxf7 Bc6 29. R7f6 Be8 30. Rd6 Bf7 31. Bh3 Ra7 32. Rb6 Kg7 33. Bc8 d4 34. Bxa6
Re1+ 35. Kg2 Bd5+ 36. Kh3 Re6 37. Rxb5 Bc6 38. Rb6 Bd7 39. Rxe6 Bxe6+ 40. Kg2
Rxa6 41. a3 Rb6 42. b3 d3 43. cxd3 Bd5+ 44. Kh3 Rxb3 45. Ra2 Rxd3 46. Ra1 Rd2
47. g4 Rd3+ 48. Kh4 Kh6 49. g5+ Kg7 50. Re1 Bg2 0-1

[Event "World Rapid 2022"]
[Site "Almaty KAZ"]
[Date "2022.12.26"]
[Round "5.84"]
[White "Vetokhin, Savva"]
[Black "Suyarov, Mukhammadzokhid"]
[Result "0-1"]
[WhiteTitle "IM"]
[BlackTitle "FM"]
[WhiteElo "2354"]
[BlackElo "2299"]
[WhiteFideId "44144474"]
[BlackFideId "14210495"]
[EventDate "2022.12.26"]

1. d4 e6 2. c4 b6 3. Nc3 Bb7 4. e3 Bb4 5. Nf3 Nf6 6. Bd3 O-O 7. O-O d6 8. Qc2
Nbd7 9. a3 Bxc3 10. Qxc3 Ne4 11. Qc2 f5 12. b4 Qf6 13. Nd2 Nxd2 14. Qxd2 Qg6 15.
f3 a5 16. Bb2 axb4 17. axb4 Rxa1 18. Bxa1 Ra8 19. Bb2 Nf6 20. Qf2 Ra4 21. Ba3
Rxa3 22. Qb2 Ra8 23. Qc2 Qg5 24. Kh1 0-1

[Event "World Rapid 2022"]
[Site "Almaty KAZ"]
[Date "2022.12.26"]
[Round "5.85"]
[White "Haldorsen, Benjamin"]
[Black "Nurgaliyev, Sauat"]
[Result "0-1"]
[WhiteTitle "IM"]
[BlackTitle "CM"]
[WhiteElo "2449"]
[BlackElo "2150"]
[WhiteFideId "1512633"]
[BlackFideId "13726285"]
[EventDate "2022.12.26"]

1. Nf3 Nf6 2. g3 g6 3. b3 Bg7 4. Bb2 O-O 5. Bg2 d6 6. d4 b5 7. O-O Bb7 8. Nbd2
Nbd7 9. c4 bxc4 10. Nxc4 c5 11. Rc1 a5 12. dxc5 Nxc5 13. Bd4 Rc8 14. Qd2 a4 15.
b4 Nce4 16. Qb2 e5 17. Bb6 Qd7 18. b5 Nd5 19. Ba5 Nec3 20. Rxc3 Nxc3 21. Nb6
Qxb5 22. Bxc3 Qxb2 23. Bxb2 Rb8 24. Nxa4 Bc6 25. Ba3 Rfd8 26. Nc3 e4 27. Ng5
Bxc3 28. Nxe4 Be5 29. Nf6+ Bxf6 30. Bxc6 Bb2 31. Bxb2 Rxb2 32. a4 Rxe2 33. Ra1
Rc8 34. Bf3 Rd2 35. a5 Rcc2 36. a6 Ra2 37. Rxa2 Rxa2 38. Bb7 Kg7 39. Kg2 Kf6 40.
Kf3 Ke5 41. h4 h6 42. Ke3 Ra3+ 43. Kd2 Kd4 44. Kc2 Kc4 45. Kb2 Ra5 46. g4 g5 47.
hxg5 hxg5 48. f3 d5 49. Kc2 d4 50. Kb2 d3 51. Bc8 d2 52. Kc2 Ra2+ 0-1

[Event "World Rapid 2022"]
[Site "Almaty KAZ"]
[Date "2022.12.26"]
[Round "5.86"]
[White "Postlmayer, Jakob"]
[Black "Kazakov, Konstantin"]
[Result "0-1"]
[WhiteTitle "FM"]
[BlackTitle "IM"]
[WhiteElo "2314"]
[BlackElo "2385"]
[WhiteFideId "1643622"]
[BlackFideId "13700898"]
[EventDate "2022.12.26"]

1. d4 Nf6 2. Nf3 b6 3. g3 Bb7 4. Bg2 e6 5. O-O Be7 6. c4 O-O 7. d5 exd5 8. Nh4
c6 9. cxd5 Nxd5 10. Nf5 Na6 11. e4 Ndc7 12. Qg4 Ne6 13. e5 g6 14. Bh6 Re8 15.
Nxe7+ Qxe7 16. Nc3 Nac5 17. Rad1 Ba6 18. Rfe1 Rad8 19. b4 Nd3 20. Ne4 Nxe5 21.
Qh3 d5 22. Nd2 Nd3 23. Re3 d4 24. Rxd3 Bxd3 25. Bxc6 Be2 26. Re1 d3 27. a3 Nd4
28. Bxe8 Rxe8 29. Qg2 Qd7 30. Bg5 Qf5 31. h4 f6 32. Bf4 g5 33. hxg5 fxg5 34. Be3
Bf3 35. Qh2 Ne2+ 36. Kf1 Rxe3 37. fxe3 Bd5+ 0-1

[Event "World Rapid 2022"]
[Site "Almaty KAZ"]
[Date "2022.12.26"]
[Round "5.87"]
[White "Everett, Elijah"]
[Black "Begmuratov, Khumoyun"]
[Result "0-1"]
[BlackTitle "FM"]
[WhiteElo "2202"]
[BlackElo "2399"]
[WhiteFideId "12973696"]
[BlackFideId "14210207"]
[EventDate "2022.12.26"]

1. e4 e5 2. Nf3 Nc6 3. Bb5 Nf6 4. d3 d6 5. O-O Bd7 6. Re1 g6 7. Bxc6 Bxc6 8. d4
Qe7 9. d5 Bd7 10. c4 Bg7 11. Nc3 O-O 12. b4 a5 13. bxa5 Rxa5 14. a4 b6 15. Bd2
Ra6 16. Nb5 Rc8 17. a5 bxa5 18. Bxa5 Ne8 19. Qe2 Rca8 20. Bc3 Rxa1 21. Rxa1
Rxa1+ 22. Bxa1 f5 23. exf5 gxf5 24. Nfd4 Qf7 25. Nc6 f4 26. f3 Nf6 27. Nc3 Qe8
28. Nb4 Qb8 29. Nd3 Qa7+ 0-1

[Event "World Rapid 2022"]
[Site "Almaty KAZ"]
[Date "2022.12.26"]
[Round "5.88"]
[White "Suleimen, Ergali"]
[Black "Uruci, Endrit"]
[Result "1-0"]
[BlackTitle "FM"]
[WhiteElo "2073"]
[BlackElo "2297"]
[WhiteFideId "13724452"]
[BlackFideId "22100199"]
[EventDate "2022.12.26"]

1. e4 d5 2. exd5 Qxd5 3. Nc3 Qd6 4. d4 Nf6 5. Nf3 a6 6. g3 b5 7. Bg2 Bb7 8. O-O
e6 9. Bf4 Qd8 10. Ne5 Bxg2 11. Kxg2 Nd5 12. Qf3 Be7 13. Nxf7 Kxf7 14. Bxc7+ Bf6
15. Bxd8 Rxd8 16. Ne4 Nc6 17. c3 Kg8 18. Nxf6+ gxf6 19. Rfe1 e5 20. dxe5 Nxe5
21. Qe4 Ra7 22. Rad1 Rad7 23. Rd4 Nb6 24. Rxd7 Rxd7 25. f4 Ng6 26. Qe6+ 1-0

[Event "World Rapid 2022"]
[Site "Almaty KAZ"]
[Date "2022.12.26"]
[Round "5.89"]
[White "Abdilkhair, Abilmansur"]
[Black "Shishkov, Andrei"]
[Result "0-1"]
[WhiteTitle "FM"]
[BlackTitle "IM"]
[WhiteElo "2278"]
[BlackElo "2340"]
[WhiteFideId "13716417"]
[BlackFideId "4500563"]
[EventDate "2022.12.26"]

1. e4 d5 2. exd5 Nf6 3. d4 Nxd5 4. c4 Nb6 5. Nf3 Bg4 6. c5 N6d7 7. Bc4 e6 8. h3
Bxf3 9. Qxf3 Nc6 10. Be3 Qf6 11. Qxf6 Nxf6 12. Nc3 O-O-O 13. O-O-O Nb4 14. a3
Nbd5 15. Kc2 h6 16. b4 g6 17. b5 Nxc3 18. Kxc3 b6 19. Be2 Nd5+ 20. Kc4 Bg7 21.
Bf3 Rd7 22. a4 Rhd8 23. a5 bxc5 24. dxc5 Nxe3+ 25. fxe3 Rd2 26. Rxd2 Rxd2 27.
Rc1 f5 28. a6 Kb8 29. Bb7 Bf6 30. b6 cxb6 31. cxb6 axb6 32. Kb5 Rb2+ 33. Kc6 Ka7
34. Kd7 b5 35. Kxe6 Bg5 36. Rc3 b4 37. Rd3 Re2 38. e4 fxe4 39. Rd7 Rd2 40. Rg7
e3 41. Bf3+ Kxa6 42. Rxg6 b3 43. Kf7+ Kb5 44. Re6 b2 45. Re8 Rd8 46. Re5+ Kb4
47. Be4 Kc3 48. g3 e2 49. Bf5 Kd2 50. h4 Be3 51. Rb5 e1=Q 52. Rxb2+ Kc3 53. Rc2+
Kb3 54. Rc7 Bb6 55. Rb7 Qe8+ 56. Kg7 Qh8+ 57. Kg6 Rd6+ 58. Kh5 Qe8+ 59. Kg4 Qe2+
60. Kh3 Qf3 61. Rf7 Kc3 62. Be6 Qh1+ 63. Kg4 Rxe6 64. Rf3+ Kd4 65. Rf8 Qd1+ 66.
Kf5 Qf3+ 67. Kxe6 Qxf8 68. g4 Bd8 69. g5 Bxg5 70. hxg5 hxg5 71. Kd7 g4 72. Ke6
g3 73. Kd7 g2 74. Ke6 g1=Q 75. Kd7 Qgg7+ 76. Kc6 Qc8+ 77. Kb5 Qgb7+ 78. Ka4
Qca8# 0-1

[Event "World Rapid 2022"]
[Site "Almaty KAZ"]
[Date "2022.12.27"]
[Round "6.3"]
[White "Abdusattorov, Nodirbek"]
[Black "Duda, Jan-Krzysztof"]
[Result "1-0"]
[WhiteTitle "GM"]
[BlackTitle "GM"]
[WhiteElo "2713"]
[BlackElo "2729"]
[WhiteFideId "14204118"]
[BlackFideId "1170546"]
[EventDate "2022.12.26"]

1. e4 e5 2. Nf3 Nc6 3. Bb5 Nf6 4. d3 Bc5 5. Bxc6 dxc6 6. Nbd2 Nd7 7. O-O O-O 8.
Nc4 Re8 9. Kh1 a5 10. a4 b6 11. b3 f6 12. Ba3 Bxa3 13. Rxa3 Nc5 14. Ne3 Be6 15.
Ra1 Qd7 16. Qd2 Rad8 17. Qc3 Bf7 18. Rae1 Ne6 19. Nd2 Nd4 20. Ndc4 Qe7 21. Qd2
Qb4 22. Rd1 Qc5 23. f3 Rd7 24. Qf2 Red8 25. f4 exf4 26. Qxf4 Be6 27. Rde1 Qb4
28. Ra1 h6 29. h3 Kh7 30. Qf2 Qc5 31. Rac1 Bf7 32. Nd2 Ne6 33. Nf3 Kg8 34. Rce1
Ng5 35. Nh4 Be6 36. Ng6 Bf7 37. Nf4 Ne6 38. Ne2 Kh7 39. Ng3 Bg6 40. h4 Nd4 41.
Kh2 Qe5 42. Ng4 Qc5 43. Ne3 Qe5 44. Nc4 Qc5 45. e5 Nxc2 46. Qxc2 b5 47. e6 Re7
48. Ne4 Qh5 49. Nxa5 Qxh4+ 50. Kg1 Rxe6 51. Nxc6 Rd5 52. Re3 bxa4 53. bxa4 Rh5
54. Rh3 Qg4 55. Rxh5 Qxh5 56. Nd4 Re7 57. Ne2 Qe5 58. Nf4 Bxe4 59. dxe4 Qxe4 60.
Qd3 Re5 61. Re1 Qxd3 62. Nxd3 Rd5 63. Nb2 Rd4 64. Ra1 Rd2 65. Nd1 Rd6 66. a5 Ra6
67. Nb2 Kg6 68. Nd3 Kf5 69. Nc5 Ra8 70. a6 Ke5 71. Rd1 g5 72. Rd7 h5 73. Kf2 h4
74. Kf3 f5 75. Ke3 g4 76. Nd3+ Kf6 77. Nc5 h3 78. gxh3 gxh3 79. Kf2 Rh8 80. Kg1
h2+ 81. Kh1 Ke5 82. a7 Ra8 83. Rxc7 Rh8 84. Rb7 Ra8 85. Rc7 Rh8 86. Nd7+ Kd6 87.
Rb7 Ra8 88. Nb8 Ke5 89. Kxh2 Kf4 90. Nc6 1-0

[Event "World Rapid 2022"]
[Site "Almaty KAZ"]
[Date "2022.12.27"]
[Round "6.4"]
[White "Nihal, Sarin"]
[Black "Nepomniachtchi, Ian"]
[Result "1/2-1/2"]
[WhiteTitle "GM"]
[BlackTitle "GM"]
[WhiteElo "2670"]
[BlackElo "2793"]
[WhiteFideId "25092340"]
[BlackFideId "4168119"]
[EventDate "2022.12.26"]

1. d4 Nf6 2. Nf3 d5 3. c4 e6 4. e3 Be7 5. b3 O-O 6. Bb2 b6 7. Nc3 Bb7 8. Rc1
Nbd7 9. Bd3 c5 10. O-O Rc8 11. Qe2 dxc4 12. Bxc4 Qc7 13. Rfd1 cxd4 14. Nb5 Qb8
15. Nbxd4 Rfd8 16. Nxe6 Bxf3 17. Qxf3 Rxc4 18. Rxc4 fxe6 19. Qc6 Nf8 20. Rxd8
Qxd8 21. Rd4 Qb8 22. g3 Kf7 23. Rc4 Qd6 24. Qxd6 Bxd6 25. Rc6 Ne8 26. Kf1 Nd7
27. Ke2 g6 28. Rc8 Ke7 29. f4 Nb8 30. Rc2 Na6 31. Bc3 Nec7 32. e4 Nb5 33. Ba1
Bc5 34. Kf3 Bd4 35. Rc1 Nc5 36. Bxd4 Nxd4+ 37. Ke3 Nc6 38. Rd1 a5 39. g4 Na7 40.
h4 Nb5 41. Rc1 Nd6 42. e5 Nb5 43. h5 Nc7 44. hxg6 hxg6 45. Rd1 Nd5+ 46. Kf3 Kf7
47. f5 gxf5 48. gxf5 Ne7 49. fxe6+ Kxe6 1/2-1/2

[Event "World Rapid 2022"]
[Site "Almaty KAZ"]
[Date "2022.12.27"]
[Round "6.5"]
[White "Mamedyarov, Shakhriyar"]
[Black "Sarana, Alexey"]
[Result "1/2-1/2"]
[WhiteTitle "GM"]
[BlackTitle "GM"]
[WhiteElo "2740"]
[BlackElo "2668"]
[WhiteFideId "13401319"]
[BlackFideId "24133795"]
[EventDate "2022.12.26"]

1. Nf3 d5 2. g3 g6 3. Bg2 Bg7 4. d4 c6 5. O-O Nf6 6. a4 a5 7. c4 O-O 8. cxd5
Nxd5 9. Bg5 h6 10. Bd2 Nb4 11. Nc3 Bg4 12. Qc1 Kh7 13. Rd1 N8a6 14. Bf4 Nc7 15.
Ne5 Be6 16. e4 Qc8 17. Rd2 Bh3 18. Bxh3 Qxh3 19. Nxg6 fxg6 20. Bxc7 Rf3 21. Qf1
Qh5 22. Rad1 Raf8 23. e5 Nd5 24. Nxd5 cxd5 25. Bxa5 Qf5 26. Rc1 h5 27. Rc3 Bh6
28. Rxf3 Qxf3 29. Rd3 Qe4 30. Bd2 Bxd2 31. Rxd2 Rc8 32. Qd1 h4 33. gxh4 Qxh4 34.
Kh1 Qf4 35. h3 Rc4 36. Kg2 Qg5+ 37. Kf1 Qf4 38. Kg2 Qg5+ 39. Kh1 Qf4 40. a5 Kg7
41. Kg2 Qg5+ 42. Kf1 Qf4 43. Kg2 Qg5+ 44. Kh1 Qf4 45. Qe1 Rxd4 46. Rxd4 Qxd4 47.
b4 Qc4 48. Kg2 d4 49. Qd2 1/2-1/2

[Event "World Rapid 2022"]
[Site "Almaty KAZ"]
[Date "2022.12.27"]
[Round "6.6"]
[White "Quparadze, Giga"]
[Black "Yu, Yangyi"]
[Result "1/2-1/2"]
[WhiteTitle "GM"]
[BlackTitle "GM"]
[WhiteElo "2470"]
[BlackElo "2728"]
[WhiteFideId "13602250"]
[BlackFideId "8603820"]
[EventDate "2022.12.26"]

1. e4 c5 2. Nf3 d6 3. d4 cxd4 4. Nxd4 Nf6 5. Nc3 Nc6 6. g3 Bd7 7. Bg2 g6 8. Nde2
Qc8 9. O-O Bg7 10. Nd5 Nxd5 11. exd5 Ne5 12. c3 O-O 13. Nd4 Bg4 14. Qc2 Bh3 15.
Bxh3 Qxh3 16. f4 Nc4 17. Qe4 Rac8 18. b3 Nb6 19. c4 e6 20. dxe6 fxe6 21. Bb2 d5
22. cxd5 exd5 23. Qf3 Rce8 24. Rae1 Qd7 25. Qf2 Rxe1 26. Rxe1 Re8 27. Rf1 Nc8
28. Nf3 Bxb2 29. Qxb2 Nd6 30. Ne5 Qe6 31. Qd4 Nf7 32. Nxf7 Kxf7 33. Qxa7 Qe3+
34. Qxe3 Rxe3 35. Kf2 Rc3 36. Re1 d4 37. Re2 h5 38. Rd2 Ke6 39. Rxd4 Rc2+ 40.
Kf3 Rxa2 41. h4 Rc2 42. Re4+ Kf6 43. Rc4 Rd2 44. Rb4 Rd3+ 45. Kf2 Rd7 46. Rb5
Rc7 47. b4 Rc2+ 48. Kf3 Rc3+ 49. Kg2 Rc2+ 50. Kh3 Rc7 51. Rg5 Rc4 52. Rb5 Rc7
53. Kg2 Rc2+ 54. Kf3 Rc3+ 55. Kg2 Rc2+ 56. Kh3 Rc7 1/2-1/2

[Event "World Rapid 2022"]
[Site "Almaty KAZ"]
[Date "2022.12.27"]
[Round "6.7"]
[White "Giri, Anish"]
[Black "Murzin, Volodar"]
[Result "1/2-1/2"]
[WhiteTitle "GM"]
[BlackTitle "GM"]
[WhiteElo "2764"]
[BlackElo "2561"]
[WhiteFideId "24116068"]
[BlackFideId "44155573"]
[EventDate "2022.12.26"]

1. d4 d5 2. c4 c6 3. cxd5 cxd5 4. Bf4 e6 5. Nc3 Bd6 6. Bg3 Qb6 7. Qd2 Ne7 8. Rc1
Bd7 9. Bxd6 Qxd6 10. e3 Nbc6 11. Nf3 O-O 12. Bd3 Rfc8 13. O-O Be8 14. Rfe1 f6
15. e4 Bg6 16. h3 Rf8 17. a3 Rad8 18. exd5 exd5 19. Nh4 Bxd3 20. Qxd3 g5 21. Nf3
Qd7 22. h4 Qg4 23. hxg5 Ng6 24. Re3 fxg5 25. Ne2 Nf4 26. Nxf4 Qxf4 27. g3 Qf5
28. Qd2 Rd6 29. Rb3 1/2-1/2

[Event "World Rapid 2022"]
[Site "Almaty KAZ"]
[Date "2022.12.27"]
[Round "6.8"]
[White "Donchenko, Alexander"]
[Black "Rapport, Richard"]
[Result "1/2-1/2"]
[WhiteTitle "GM"]
[BlackTitle "GM"]
[WhiteElo "2636"]
[BlackElo "2740"]
[WhiteFideId "24603295"]
[BlackFideId "738590"]
[EventDate "2022.12.26"]

1. d4 Nf6 2. c4 g6 3. g3 Bg7 4. Bg2 O-O 5. Nc3 d6 6. Nf3 c6 7. e4 Qb6 8. O-O Bg4
9. h3 Bxf3 10. Bxf3 Nfd7 11. d5 Qb4 12. Be2 Nc5 13. Qc2 Bxc3 14. bxc3 Qa4 15.
Qb1 Nbd7 16. Bg5 Rfe8 17. h4 Ne5 18. Be3 b6 19. Bxc5 bxc5 20. Qb3 Qa5 21. f4 Nd7
22. dxc6 Nf6 23. Bf3 Rab8 24. Qc2 Qc7 25. g4 Rf8 26. Qh2 e5 27. g5 Ne8 28. h5
Qxc6 29. fxe5 dxe5 30. Qxe5 Qd6 31. Qxd6 Nxd6 32. e5 Nxc4 33. e6 fxe6 34. Bg4
Rb6 35. Rae1 Rxf1+ 36. Kxf1 Kf7 37. Kf2 gxh5 38. Bxh5+ Kg7 39. Re4 Na5 40. Rf4
Rb7 41. Ra4 Nc6 42. Bf3 Rf7 43. Kg3 Ne5 44. Be4 h6 45. gxh6+ Kxh6 46. Ra6 Re7
47. Bf5 Kg5 48. Rxe6 Rxe6 49. Bxe6 Kf6 50. Bg8 Kf5 51. Bh7+ Kg5 52. Be4 a5 53.
Bc2 Nc4 54. Kf3 Nd6 55. Bd3 Kf6 56. Ke3 Ke5 57. Bf1 Ne4 58. Kd3 Nd6 59. Bg2 Kf4
60. Bc6 Ke5 61. Bg2 c4+ 62. Ke3 a4 63. Bf3 a3 64. Be2 Kd5 65. Bf3+ Kc5 66. Be2
Nc8 67. Bh5 Nb6 68. Be8 Nd5+ 69. Kd2 Nf6 70. Bf7 Ne4+ 71. Kc2 Nf2 72. Be6 Nd3
73. Bf7 Ne5 74. Bg8 1/2-1/2

[Event "World Rapid 2022"]
[Site "Almaty KAZ"]
[Date "2022.12.27"]
[Round "6.10"]
[White "Vachier-Lagrave, Maxime"]
[Black "Yakubboev, Nodirbek"]
[Result "1/2-1/2"]
[WhiteTitle "GM"]
[BlackTitle "GM"]
[WhiteElo "2737"]
[BlackElo "2647"]
[WhiteFideId "623539"]
[BlackFideId "14203987"]
[EventDate "2022.12.26"]

1. e4 e5 2. Nf3 Nc6 3. Bb5 a6 4. Ba4 Nf6 5. O-O b5 6. Bb3 Bb7 7. d3 Bc5 8. Nc3
O-O 9. Nd5 h6 10. c3 d6 11. a4 b4 12. a5 Rb8 13. Bd2 bxc3 14. bxc3 Ba7 15. Be3
Bxe3 16. Nxe3 Ne7 17. Re1 Bc6 18. Qc2 Ng6 19. Bc4 Bb5 20. d4 Re8 21. Bxb5 Rxb5
22. c4 Rb4 23. Nd5 Nxd5 24. cxd5 exd4 25. Qd2 Rc4 26. Qd3 Rc3 27. Qxd4 Rc5 28.
g3 c6 29. dxc6 Rxc6 30. Kg2 Qc7 31. Qa4 Rc8 32. Rab1 Rc4 33. Rb4 Rxb4 34. Qxb4
Rb8 35. Rc1 Rxb4 36. Rxc7 Ra4 37. Rc6 Rxa5 38. Rxd6 Ne5 39. Nxe5 Rxe5 40. Rxa6
Rxe4 1/2-1/2

[Event "World Rapid 2022"]
[Site "Almaty KAZ"]
[Date "2022.12.27"]
[Round "6.11"]
[White "Grischuk, Alexander"]
[Black "Sargsyan, Shant"]
[Result "1/2-1/2"]
[WhiteTitle "GM"]
[BlackTitle "GM"]
[WhiteElo "2745"]
[BlackElo "2645"]
[WhiteFideId "4126025"]
[BlackFideId "13306766"]
[EventDate "2022.12.26"]

1. e4 e5 2. Nf3 Nc6 3. Nc3 Nf6 4. Bb5 Bb4 5. O-O O-O 6. d3 Bxc3 7. bxc3 d6 8.
Bg5 h6 9. Bh4 Qe7 10. Re1 Nd8 11. d4 Bg4 12. h3 Bxf3 13. Qxf3 Ne6 14. Bxf6 Qxf6
15. Qxf6 gxf6 16. Rad1 Rfd8 17. Bc4 Kf8 18. a4 a5 19. g3 Ke7 20. Kg2 c6 21. Rb1
Rab8 22. Red1 Nc7 23. Rb6 d5 24. exd5 Nxd5 25. Rb3 b5 26. axb5 1/2-1/2